Digitech-VI (Record no. 3917)

MARC details
000 -LEADER
fixed length control field 00236nam a22000977a 4500
008 - FIXED-LENGTH DATA ELEMENTS--GENERAL INFORMATION
fixed length control field 161115b xxu||||| |||| 00| 0 eng d
020 ## - INTERNATIONAL STANDARD BOOK NUMBER
International Standard Book Number 9788188553730
100 ## - MAIN ENTRY--PERSONAL NAME
9 (RLIN) 1226
Personal name Chugh,R.K.
245 ## - TITLE STATEMENT
Title Digitech-VI
260 ## - PUBLICATION, DISTRIBUTION, ETC. (IMPRINT)
Place of publication, distribution, etc. New Delhi
Name of publisher, distributor, etc. G.Ram
Date of publication, distribution, etc. 2012
Holdings
Withdrawn status Lost status Source of classification or shelving scheme Damaged status Koha normalized classification for sorting Not for loan Home library Current library Shelving location Date acquired Total Checkouts Full call number Barcode Date last seen Date last checked out Price effective from Koha item type
    Dewey Decimal Classification   CHU_003_540000000000000_D7   Good Samaritan School Library Good Samaritan School Library Computer Science 11/15/2016 1 CHU003.54 D-7 CHU12690 11/21/2016 11/15/2016 11/15/2016 BOOK

Powered by Koha